When Harry Met Sally Speech Quiz Stats

Quiz Updated Oct 28, 2012

Challenge
Share
Tweet
Embed
Score 0/131 Timer 05:00
0 Plays Today
% Correct
I
97.4%
I
97.4%
I
97.4%
I
97.4%
I
97.4%
I
97.4%
I
97.4%
I
97.4%
I
97.4%
I
97.4%
you
94.8%
you
94.8%
you
94.8%
you,
94.8%
you
94.8%
you
94.8%
you
94.8%
you
94.8%
a
92%
a
92%
a
92%
a
92%
love
88.8%
love
88.8%
love
88.8%
love
88.8%
love
88.8%
the
85.5%
the
85.5%
the
85.5%
an
79%
to
77.9%
to
77.9%
to
77.9%
to
77.9%
to
77.6%
to
77.6%
me
75%
when
74.8%
when
74.8%
when
74.8%
and
73.4%
And
73.4%
And
73.4%
% Correct
and
73.4%
it
69.5%
that
69.3%
that
69.3%
that
69.3%
that
69.3%
that
69.3%
your
65.7%
your
65.7%
your
65.7%
your
65.7%
on
63.6%
of
62%
of
62%
want
61.2%
want
61.1%
want
61.1%
can
59.7%
with
57.5%
with
57.5%
are
56.4%
at
51%
at
51%
go
50.6%
life
50.3%
life
50.3%
as
49.3%
as
49.3%
my
47.7%
not
46.8%
not
46.8%
rest
45%
rest
45%
get
44.6%
get
44.6%
it's
43.9%
it's
43.9%
it's
43.9%
it's
43.9%
spend
43.3%
spend
43.3%
like
43%
order
41.4%
I'm
40.7%
% Correct
I'm
40.7%
you're
40.6%
out.
40.2%
Eve.
40.2%
takes
39.4%
hour
39.4%
person
39%
sleep
38.5%
day
38.2%
talk
38%
because
37.8%
because
37.8%
because
37.8%
start
37.6%
night.
37.5%
half
37.4%
New
36.4%
sandwich.
35.5%
soon
35.4%
Year's
35.2%
cold
35.1%
possible!
34.9%
nose
34.2%
last
33.3%
degrees
31.9%
before
31.1%
realize
29.7%
little
29.3%
crinkle
28%
somebody,
27%
here
26.9%
smell
26.6%
lookin'
25.9%
still
25.7%
perfume
25.5%
lonely,
25.3%
after
24.8%
above
24%
clothes.
23.4%
came
23.2%
nuts.
22%
tonight
21.1%
71
19.6%

You're not logged in!

Compare scores with friends on all Sporcle quizzes.
Join for Free
OR
Log In

You Might Also Like...

Show Comments

Extras

Top Quizzes Today


Score Distribution

Your Account Isn't Verified!

In order to create a playlist on Sporcle, you need to verify the email address you used during registration. Go to your Sporcle Settings to finish the process.

Report this User

Report this user for behavior that violates our Community Guidelines.

Details: